000 00595nam a22001937a 4500
003 OSt
005 20250620053933.0
008 250620b |||||||| |||| 00| 0 eng d
020 _a978-621-478-071-6
040 _aDWCL-Main Lib
_cOC
082 _aFil. 547 B517f 2024
100 _aBernford, Charles V.
245 _aFundamentals of organic chemistry/
_cCharles V. Bernford
260 _bEDRIC Publishing House,
_aManila, Philippines:
_cc2024.
300 _a87 pages:
_b illustrations;
_c21cm.
504 _aIncludes bibliography.
650 _a1. Chemistry.
942 _2ddc
_cBK - FIL
_kFil.
_n0
999 _c3190
_d3190